000
00279nam a22001217a 4500
082
_a
230 EIC
100
_a
Eichrodt, Walther
245
_a
Theology of the Old Testment
260
_a
Philadephia
_b
The Westminster Press
_c
1967
300
_a
573
650
_a
Theology
942
_c
BK
999
_c
20241
_d
20241